Sports Quiz

Random Sports or Football Quiz

Germany top goalscorers by tournament Quiz Stats

 Plays Quiz not verified by Sporcle

Challenge
Share
Tweet
Embed
Score 0/34 Timer 05:00
0 Plays Today
Tournament Player % Correct
1930 FIFA World CupDNP
100%
1950 FIFA World CupDNP
99.6%
1960 UEFA EuroDNP
99.6%
1964 UEFA EuroDNP
99.6%
1968 UEFA EuroDNP
99.6%
1970 FIFA World CupGerd Müller
98.4%
1972 UEFA EuroGerd Müller
98.4%
1974 FIFA World CupGerd Müller
98.4%
2010 FIFA World CupThomas Müller
98.4%
2014 FIFA World CupThomas Müller
98.4%
1976 UEFA EuroDieter Müller
98.2%
2002 FIFA World CupMiroslav Klose
96.4%
2006 FIFA World CupMiroslav Klose
96.4%
1998 FIFA World CupOliver Bierhoff & Jürgen Klinsmann
92.9%
1994 FIFA World CupJürgen Klinsmann
91.1%
1996 UEFA EuroJürgen Klinsmann
91.1%
2012 UEFA EuroMario Gómez
85%
Tournament Player % Correct
1984 UEFA EuroRudi Völler
83.7%
1986 FIFA World CupRudi Völler
83.7%
1988 UEFA EuroRudi Völler
83.7%
1990 FIFA World CupLothar Matthäus
80.4%
2008 UEFA EuroLukas Podolski
78.1%
1978 FIFA World CupKarl-Heinz Rummenigge
76.1%
1982 FIFA World CupKarl-Heinz Rummenigge
76.1%
2004 UEFA EuroMichael Ballack & Torsten Frings
74.1%
1962 FIFA World CupUwe Seeler
60%
2000 UEFA EuroMehmet Scholl
51.6%
1992 UEFA EuroKarl-Heinz Riedle
49.6%
1958 FIFA World CupHelmut Rahn
49.3%
1980 UEFA EuroKlaus Allofs
40.8%
1954 FIFA World CupMax Morlock
33.9%
1966 FIFA World CupHelmut Haller
31%
1934 FIFA World CupEdmund Conen
11.2%
1938 FIFA World CupJosef Gauchel & Wilhelm Hahnemann
3.1%

You're not logged in!

Compare scores with friends on all Sporcle quizzes.
Join for Free
OR
Log In

You Might Also Like...

Show Comments

Extras

Top Quizzes Today


Score Distribution

Your Account Isn't Verified!

In order to create a playlist on Sporcle, you need to verify the email address you used during registration. Go to your Sporcle Settings to finish the process.

Report this User

Report this user for behavior that violates our Community Guidelines.

Details: